| 000 | 00588nam a2200145Ia 4500 | ||
|---|---|---|---|
| 008 | 170221s9999 xx 000 0 und d | ||
| 100 | _aRosman Bin Md Yusoff | ||
| 245 | _aRole of Integrity in the Success of Freelancing and Entrepreneurship: A Conceptual Review | ||
| 245 | _cRosman Bin Md Yusoff, Abdul Ghafoor Kazi, Muzammil Muhammad Khan Arisar, Farhan Jamil, Sanil S. Hishan | ||
| 260 | _bInternational Review of Management and Marketing | ||
| 260 | _cDecember 2013 | ||
| 300 | _a5:2 | ||
| 650 | _xMarketing. | ||
| 856 | _uhttp://www.econjournals.com/index.php/irmm/issue/view/77 | ||
| 999 |
_c310350 _d310350 |
||